عکس کا ہينا ت (شعر ی مجمو عہ ) (Record no. 181402)

MARC details
000 -LEADER
fixed length control field 00631nam a22001937a 4500
005 - DATE AND TIME OF LATEST TRANSACTION
control field 20210913113142.0
010 ## - LCCN (DPL NO)
LC control number UR-11221
020 ## - INTERNATIONAL STANDARD BOOK NUMBER
Terms of availability 400.00
International Standard Book Number -
035 ## - SYSTEM CONTROL NUMBER
System control number U-9776
037 ## - SOURCE OF ACQUISITION
Source of stock number/acquisition DBAD/PUB
082 ## - DEWEY DECIMAL CLASSIFICATION NUMBER
Classification number 841
100 ## - MAIN ENTRY--PERSONAL NAME
Personal name ا يم اے حميد عکی
245 ## - TITLE STATEMENT
Title عکس کا ہينا ت (شعر ی مجمو عہ )
Statement of responsibility, etc ا يم اے حميد عکی
246 ## - VARYING FORM OF TITLE
Title proper/short title Aks-e-Kaynat(Urdu)
Remainder of title by M.A.Hameed Aksi
260 ## - PUBLICATION, DISTRIBUTION, ETC. (IMPRINT)
Place of publication, distribution, etc Tilangana
Date of publication, distribution, etc 2021 ء
Name of publisher, distributor, etc M.A.Hameed Aksi
270 ## - ADDRESS
Address 14-6-39,Nizam Pura Mandi bazar, Warangal
City Tilangana
Postal code 506002
Fax number -
300 ## - PHYSICAL DESCRIPTION
Extent 216 ص
Dimensions 22 Cm(Hb)
942 ## - ADDED ENTRY ELEMENTS (KOHA)
Source of classification or shelving scheme Dewey Decimal Classification
Item type Urdu Bks
Classification part 841
Call number suffix ع ک س
Holdings
Withdrawn status Lost status Not for loan Collection code Home library Current library Date acquired Source of acquisition Cost, normal purchase price Full call number Barcode Copy number Cost, replacement price Koha item type
      Non-fiction Central Library Central Library 13/09/2021 DBAD/PUB 400.00 841 ع ک س U-9776 1 400.00 Urdu Bks

© Delhi Public Library
Hit Counter
free hit counter